000 01106cad a22002535a 4500
001 L138787
008 070711s2007 xxkd f s 000 0 eng d
035 _a(Sirsi) u138787
041 0 _aeng
050 0 4 _a333.337 $2 18
110 2 _aColliers International Property Consultants
_91881
245 0 0 _aEMEA office rents map 2007
_h[electronic resource]
260 _a[S.l.l]
_bColliers
_c2007
520 _aProvides class A/prime office rents, vacancy rates and prime yields for the key city markets across Europe, the Middle East and Africa (EMEA). This information is presented on a map of the region and includes indicators showing whether the 2007 results have increased, decreased or stayed the same.
590 _aKA
650 2 4 _aCOLLIERS EMEA OFFICE RENTS MAP
651 4 _aEurope
651 4 _aMiddle East
651 4 _aAfrica
690 _aPROPERTY-COMMERCIAL PROPERTY-COMMERCIAL PROPERTY MARKET
690 _aPROPERTY-COMMERCIAL PROPERTY-OFFICE PROPERTY-OFFICE PROPERTY MARKET
856 4 0 _uhttps://www.colliers.com
_zView the map free of charge at www.colliers.com...
942 _n0
999 _c107251
_d107251